MARC details
| 000 -LEADER |
| fixed length control field |
02253cam a2200385 i 4500 |
| 001 - CONTROL NUMBER |
| control field |
32969575 |
| 003 - CONTROL NUMBER IDENTIFIER |
| control field |
OCoLC |
| 005 - DATE AND TIME OF LATEST TRANSACTION |
| control field |
20241126110706.0 |
| 008 - FIXED-LENGTH DATA ELEMENTS--GENERAL INFORMATION |
| fixed length control field |
950731s1996 miu b 001 0 eng |
| 010 ## - |
| -- |
95036893 |
| 020 ## - INTERNATIONAL STANDARD BOOK NUMBER |
| International Standard Book Number |
0310493307 |
| Qualifying information |
(hard cover ; |
| -- |
alk. paper) |
| 020 ## - INTERNATIONAL STANDARD BOOK NUMBER |
| International Standard Book Number |
9780310493303 |
| Qualifying information |
(hard cover ; |
| -- |
alk. paper) |
| 035 ## - SYSTEM CONTROL NUMBER |
| System control number |
tcgc116524 |
| 035 ## - SYSTEM CONTROL NUMBER |
| System control number |
(OCoLC)32969575 |
| Canceled/invalid control number |
(OCoLC)264955269 |
| -- |
(OCoLC)276337913 |
| 040 ## - CATALOGING SOURCE |
| Original cataloging agency |
DLC |
| Language of cataloging |
eng |
| Description conventions |
rda |
| Transcribing agency |
DLC |
| Modifying agency |
BAKER |
| -- |
NLGGC |
| -- |
BTCTA |
| -- |
LVB |
| -- |
YDXCP |
| -- |
T7Q |
| -- |
SGB |
| -- |
OCLCO |
| -- |
OCLCA |
| -- |
OCLCQ |
| -- |
OCLCO |
| -- |
OCLCA |
| -- |
OCLCF |
| -- |
CFT |
| -- |
OCLCA |
| -- |
OCLCQ |
| -- |
NZABT |
| -- |
OCLCQ |
| -- |
MNLUT |
| 050 00 - |
| -- |
BS2595.3 |
| -- |
.B57 1996 |
| 082 00 - DEWEY DECIMAL CLASSIFICATION NUMBER |
| Classification number |
220.77 |
| -- |
226.4077 |
| Edition information |
20 |
| Item number |
NIV |
| 100 1# - MAIN ENTRY--PERSONAL NAME |
| Personal name |
Bock, Darrell L. |
| Authority record control number or standard number |
http://id.loc.gov/authorities/names/n88644268 |
| 9 (RLIN) |
2214 |
| 245 10 - TITLE STATEMENT |
| Title |
Luke : |
| Remainder of title |
the NIV application commentary from biblical text--to contemporary life / |
| Statement of responsibility, etc. |
Darrell L. Bock. |
| 264 #1 - PRODUCTION, PUBLICATION, DISTRIBUTION, MANUFACTURE, AND COPYRIGHT NOTICE |
| Place of production, publication, distribution, manufacture |
Grand Rapids, Mich. : |
| Name of producer, publisher, distributor, manufacturer |
Zondervan Pub. House, |
| Date of production, publication, distribution, manufacture, or copyright notice |
[1996] |
| 264 #4 - PRODUCTION, PUBLICATION, DISTRIBUTION, MANUFACTURE, AND COPYRIGHT NOTICE |
| Date of production, publication, distribution, manufacture, or copyright notice |
℗♭1996. |
| 300 ## - PHYSICAL DESCRIPTION |
| Extent |
640 pages ; |
| Dimensions |
24 cm. |
| 336 ## - CONTENT TYPE |
| Content type term |
text |
| Content type code |
txt |
| Source |
rdacontent |
| 337 ## - MEDIA TYPE |
| Media type term |
unmediated |
| Media type code |
n |
| Source |
rdamedia |
| 338 ## - CARRIER TYPE |
| Carrier type term |
volume |
| Carrier type code |
nc |
| Source |
rdacarrier |
| 490 1# - SERIES STATEMENT |
| Series statement |
The NIV application commentary series. |
| 504 ## - BIBLIOGRAPHY, ETC. NOTE |
| Bibliography, etc. note |
Includes bibliographical references and index. |
| 505 0# - FORMATTED CONTENTS NOTE |
| Formatted contents note |
Series introduction -- General editor's preface -- Author's preface -- Abbreviations -- Introduction to Luke -- Outline to the Gospel of Luke -- Select annotated bibliography on Luke -- Text and commentary on Luke. |
| 520 ## - SUMMARY, ETC. |
| Summary, etc. |
Most commentaries focus on the original meaning of the Bible but don't discuss its contemporary application. The information they offer is valuable--but the job is only half done. The NIV Application Commentary Series helps with both halves of Bible study. Discover the original meaning of Luke and how his message has the same impact today. |
| 630 00 - SUBJECT ADDED ENTRY--UNIFORM TITLE |
| Uniform title |
Bible. |
| Name of part/section of a work |
Luke |
| Authority record control number or standard number |
http://id.loc.gov/authorities/names/n79055751 |
| Form subdivision |
Commentaries. |
| Authority record control number or standard number |
http://id.loc.gov/authorities/subjects/sh99001404 |
| 9 (RLIN) |
3983 |
| 655 #7 - INDEX TERM--GENRE/FORM |
| Genre/form data or focus term |
Commentaries. |
| Source of term |
fast |
| Authority record control number or standard number |
http://id.worldcat.org/fast/1423723 |
| 9 (RLIN) |
875 |
| 830 #0 - |
| -- |
NIV application commentary. |
| -- |
http://id.loc.gov/authorities/names/n94048887 |
| -- |
1769 |
| 856 4# - ELECTRONIC LOCATION AND ACCESS |
| Materials specified |
Cover image |
| Uniform Resource Identifier |
<a href="https://covers.openlibrary.org/b/id/171428-M.jpg">https://covers.openlibrary.org/b/id/171428-M.jpg</a> |
| 942 ## - ADDED ENTRY ELEMENTS (KOHA) |
| Source of classification or shelving scheme |
Dewey Decimal Classification |
| Koha item type |
Reference Books |